History of the world's alliance of young men's christian associations

Guardat en:
Dades bibliogràfiques
Autor principal: Shedd, Clarence Prouty (Autor)
Format: Llibre
Idioma:anglès
Publicat: Londres S.P.C.K 1955
Matèries:
Etiquetes: Afegir etiqueta
Sense etiquetes, Sigues el primer a etiquetar aquest registre!

MARC

LEADER 00000nam a2200000 a 4500
001 UCH8879
003 CL-VaPUC
008 091217e19550000UK |||||||||||||||||eng|d
082 0 4 |a 267.5  |b SHE  |2 21 
100 0 |a Shedd, Clarence Prouty  |e author  |9 545602 
245 1 0 |a History of the world's alliance of young men's christian associations 
300 |a 746 p 
942 |c BK 
945 |d 20091217 00:00:00  |a rbrito 
260 |a Londres  |b S.P.C.K  |c 1955 
600 0 7 |a YWCA  |2 CL-VaPUC  |9 545603 
600 0 7 |a ASOCIACION CRISTIANA DE JOVENES  |2 CL-VaPUC  |9 507564 
583 |a last modification  |c 20170518 01:54:43  |k Rodrigo Vera 
999 |c 338960  |d 338958 
952 |0 0  |1 0  |4 0  |6 267_500000000000000_SHE_1955  |7 0  |8 A  |9 432272  |a BIBTEO  |b BIBTEO  |d 2019-11-22  |i 4611632  |o 267.5 SHE 1955  |p 4611632  |r 2025-01-17  |w 2019-11-22  |y BK  |k ICR